Pacific art in detail / (Record no. 25249)
[ view plain ]
| 000 -LEADER | |
|---|---|
| fixed length control field | 01487cam a22003374a 4500 |
| 001 - CONTROL NUMBER | |
| control field | 16572815 |
| 005 - DATE AND TIME OF LATEST TRANSACTION | |
| control field | 20170131100447.0 |
| 008 - FIXED-LENGTH DATA ELEMENTS--GENERAL INFORMATION | |
| fixed length control field | 101209s2011 mauab b 001 0 eng |
| 010 ## - LIBRARY OF CONGRESS CONTROL NUMBER | |
| LC control number | 2010051983 |
| 020 ## - INTERNATIONAL STANDARD BOOK NUMBER | |
| International Standard Book Number | 9780674055780 (cloth : alk. paper) |
| 020 ## - INTERNATIONAL STANDARD BOOK NUMBER | |
| International Standard Book Number | 0674055780 (cloth : alk. paper) |
| 035 ## - SYSTEM CONTROL NUMBER | |
| System control number | (OCoLC)ocn676725375 |
| 050 00 - LIBRARY OF CONGRESS CALL NUMBER | |
| Classification number | N7410 .N49 2011 |
| 100 1# - MAIN ENTRY--PERSONAL NAME | |
| Personal name | Newell, Jennifer. |
| 245 10 - TITLE STATEMENT | |
| Title | Pacific art in detail / |
| Statement of responsibility, etc. | Jenny Newell. |
| 260 ## - PUBLICATION, DISTRIBUTION, ETC. (IMPRINT) | |
| Place of publication, distribution, etc. | Cambridge, Mass. : |
| Name of publisher, distributor, etc. | Harvard University Press, |
| Date of publication, distribution, etc. | 2011. |
| 300 ## - PHYSICAL DESCRIPTION | |
| Extent | 144 p. : |
| Other physical details | col. ill., col. map ; |
| Dimensions | 22 cm. |
| 490 1# - SERIES STATEMENT | |
| Series statement | Art in detail |
| 504 ## - BIBLIOGRAPHY, ETC. NOTE | |
| Bibliography, etc | Includes bibliographical references and index. |
| 505 00 - FORMATTED CONTENTS NOTE | |
| Title | What is Pacific art? -- |
| -- | Art of the moment -- |
| -- | Sea of islands -- |
| -- | Gods and spirits -- |
| -- | Living with ancestors -- |
| -- | Art of power -- |
| -- | Art of dance -- |
| -- | Art of war -- |
| -- | Art of change. |
| 650 #0 - SUBJECT ADDED ENTRY--TOPICAL TERM | |
| Topical term or geographic name as entry element | Art |
| Geographic subdivision | Oceania. |
| 650 #0 - SUBJECT ADDED ENTRY--TOPICAL TERM | |
| Topical term or geographic name as entry element | Art, Pacific Island. |
| 830 #0 - SERIES ADDED ENTRY--UNIFORM TITLE | |
| Uniform title | Art in detail. |
| 942 ## - ADDED ENTRY ELEMENTS (KOHA) | |
| Source of classification or shelving scheme | |
| Koha item type | Hard Covered Materials |
| Withdrawn status | Lost status | Source of classification or shelving scheme | Damaged status | Not for loan | Home library | Current library | Shelving location | Date acquired | Source of acquisition | Total Checkouts | Full call number | Barcode | Date last seen | Price effective from | Koha item type |
|---|---|---|---|---|---|---|---|---|---|---|---|---|---|---|---|
| MACHAKOS UNIVERSITY LIBRARY | MACHAKOS UNIVERSITY LIBRARY | Technical section | 31/01/2017 | Donation(BFA) | N 7410 .N49 2011 | 32945 | 08/06/2018 | 31/01/2017 | Hard Covered Materials |